| 000 | 00801nam a22002657a 4500 | ||
|---|---|---|---|
| 999 |
_c133751 _d133751 |
||
| 003 | dpl | ||
| 005 | 20210302114525.0 | ||
| 008 | 210302b ||||| |||| 00| 0 eng d | ||
| 010 | _a987238 | ||
| 020 | _c10.92 | ||
| 035 | _a987238 | ||
| 037 | _bCen Lib/Ret | ||
| 040 |
_aDPL _bEN _cDBAD/PUB |
||
| 082 |
_a942 _bWHI |
||
| 100 |
_aWhiteford, J. Lockhrat _991989 |
||
| 245 |
_aBritish history for the C.S.E. year / _cby J. Lockhart Whiteford; illustrated by Dean mitchell |
||
| 260 |
_aHamilton _bE.J. arnold and sons _c1965 |
||
| 270 | _bHamilton | ||
| 300 |
_a220p.: _c21cm(Hb) _bill. |
||
| 500 | _aIncludes index | ||
| 650 |
_aHistory _zBritain _918811 |
||
| 650 |
_aCivilization _zBritain _991990 |
||
| 700 |
_aMitchell, Dean _938819 |
||
| 942 |
_2ddc _cEN _h942 _mWHI |
||